000
00333 a2200109 4500
001
ART_8687
005
20260410161834.0
008
260409a
245
1
0
_a
La operatoria aduanera de exportación
100
1
_a
Fratalocchi, Aldo
773
0
_t
Contabilidad y administración
_g
- Año 3, Nº 31 (ene. 1980)
_w
REV5485
999
_c
23486
_d
23486